Object detection and noise reduction in SegNet (Record no. 6045)

MARC details
000 -LEADER
fixed length control field 00474nam a22001697a 4500
003 - CONTROL NUMBER IDENTIFIER
control field OSt
005 - DATE AND TIME OF LATEST TRANSACTION
control field 20220107122838.0
008 - FIXED-LENGTH DATA ELEMENTS--GENERAL INFORMATION
fixed length control field 180522b xxu||||| |||| 00| 0 eng d
040 ## - CATALOGING SOURCE
Transcribing agency IIITMK
100 ## - MAIN ENTRY--PERSONAL NAME
Personal name Amal Das N P (92216003)
9 (RLIN) 13991
245 ## - TITLE STATEMENT
Title Object detection and noise reduction in SegNet
300 ## - PHYSICAL DESCRIPTION
Extent MSC DA 2016-2018
502 ## - DISSERTATION NOTE
Degree type MSC DA
Name of granting institution 2016-2018
Year degree granted INT
-- Dr. Manoj Kumar
650 ## - SUBJECT ADDED ENTRY--TOPICAL TERM
Topical term or geographic name entry element OBJECT DETECTION
9 (RLIN) 13992
650 ## - SUBJECT ADDED ENTRY--TOPICAL TERM
Topical term or geographic name entry element DEEP LEARNING
9 (RLIN) 13993
942 ## - ADDED ENTRY ELEMENTS (KOHA)
Source of classification or shelving scheme Dewey Decimal Classification
Koha item type
Holdings
Withdrawn status Lost status Source of classification or shelving scheme Damaged status Not for loan Collection code Home library Current library Shelving location Date acquired Total Checkouts Barcode Date last seen Price effective from Koha item type
    Dewey Decimal Classification     Non Fiction IIITM-K Kerala University of Digital Sciences, Innovation and Technology Knowledge Centre   22/05/2018   R-1351 22/05/2018 22/05/2018 Project Reports